Prüfungsaufgaben Informatik

Saved in:
Bibliographic Details
Format: Book
Language:German
Published: Berlín : Springer Verlag, 1984
Tags: Add Tag
No Tags, Be the first to tag this record!

MARC

LEADER 00000nam a22000003a 4500
001 stu264626
005 20150408183007.2
008 130320s--------gw------------------ger-d
020 |a 3-540-12772-0 
040 |a STU  |b slo 
041 0 |a ger 
044 |a gw 
245 |a Prüfungsaufgaben Informatik 
260 |a Berlín :  |b Springer Verlag,  |c 1984 
300 |a 480 s 
996 |c I*3I2948  |l II680  |s A  |a 24  |w stu264626_0001